[Event "Bochum op"]
[Site "Bochum"]
[Date "2006.08.22"]
[Round "2.8"]
[White "Schreck, Peter"]
[Black "Knihs, Sebastian"]
[Result "1-0"]
[WhiteElo "1550"]
[BlackElo "789"]
[PlyCount "61"]
[EventDate "2006.08.15"]
[EventType "swiss"]
[EventRounds "7"]
[EventCountry "GER"]
[SourceTitle "EXT 2007"]
[Source "ChessBase"]
[SourceDate "2006.11.23"]
[SourceVersion "1"]
[SourceVersionDate "2006.11.23"]
[SourceQuality "1"]

1. Nf3 c6 2. b3 d5 3. Bb2 Bf5 4. g3 Nf6 5. Bg2 Qd7 6. 0-0 Bh3 7. Bxf6 gxf6 8. c4 dxc4 9. bxc4 Bg7 10. Nc3 Na6 11. Rb1 0-0 12. d4 b6 13. e4 Nc7 14. a4 Bg4 15. d5 cxd5 16. Nxd5 Nxd5 17. cxd5 f5 18. exf5 Bxf5 19. Rc1 Rac8 20. Qd2 Rxc1 21. Rxc1 Qxa4 22. h4 Qd7 23. Nd4 Bh3 24. Bxh3 Qxh3 25. Rc7 Qg4 26. Nc6 Bf6 27. Nxe7+ Bxe7 28. Rxe7 Ra8 29. d6 Kf8 30. Qd5 Qg6 31. Qxa8+ 1-0